00241nam a2200085Ia 4500008004100000100003700041245003300078260002400111650002000135190216s9999||||xx |||||||||||||| ||und|| aSmullyan Dietrachson Keys Miller 3aAn Introduction To Phyiology bPrentice Hall India aEnglish General